Numerical Methods: (Record no. 592510)
[ view plain ]
| 000 -LEADER | |
|---|---|
| fixed length control field | 00692nam a22001457a 4500 |
| 003 - CONTROL NUMBER IDENTIFIER | |
| control field | NUST |
| 020 ## - INTERNATIONAL STANDARD BOOK NUMBER | |
| International Standard Book Number | 978-81-203-3444-1 |
| 082 ## - DEWEY DECIMAL CLASSIFICATION NUMBER | |
| Classification number | 519.4, BIS |
| 100 ## - MAIN ENTRY--PERSONAL NAME | |
| Personal name | BISWAL, PURNA CHANDRA |
| 9 (RLIN) | 103705 |
| 245 ## - TITLE STATEMENT | |
| Title | Numerical Methods: |
| Remainder of title | Purna Chandra Biswal |
| 260 ## - PUBLICATION, DISTRIBUTION, ETC. | |
| Place of publication, distribution, etc. | India |
| Name of publisher, distributor, etc. | PHI Press |
| Date of publication, distribution, etc. | 2008 |
| 300 ## - PHYSICAL DESCRIPTION | |
| Extent | ix, 358: pages |
| 505 ## - FORMATTED CONTENTS NOTE | |
| Formatted contents note | Number Systems and Errors (Page-1-12), Root Finding (Page-13-68),Numerical Solution of Linear System (Page-69-97),Interpolation (Page-98-147),Spline (Page-148-172),Numerical Differentiation (Page-173-177),Integration (Page-178-227),Initial Value Problem (Page-228-291),Eigenvalue (Page-292-304),Method of Weighted Residuals (Page-305-353). |
| 942 ## - ADDED ENTRY ELEMENTS (KOHA) | |
| Source of classification or shelving scheme | |
| Koha item type | Book |
| Withdrawn status | Lost status | Source of classification or shelving scheme | Damaged status | Not for loan | Permanent Location | Current Location | Shelving location | Date acquired | Total Checkouts | Full call number | Barcode | Date last seen | Price effective from | Koha item type | Public note |
|---|---|---|---|---|---|---|---|---|---|---|---|---|---|---|---|
| Military College of Signals (MCS) | Military College of Signals (MCS) | General Stacks | 11/28/2022 | 519.4, BIS | MCS37749 | 11/28/2022 | 11/28/2022 | Book | Almirah No.14, Shelf No.3 |
